10 najbardziej oddalonych stolic stanów USA - Statystyki

Ogólne statystyki
  • Ten quiz został rozwiązany 3 razy
  • Średni wynik to 7 z 10
Statystyki odpowiedzi
Mile Stolica stanu % Poprawnych
359 Austin
100%
290 Helena
100%
2,462 Honolulu
100%
290 Boise
67%
914 Juneau
67%
267 Oklahoma City
67%
382 Phoenix
67%
297 Salt Lake City
67%
284 Santa Fe
67%
225 Madison lub St. Paul
0%
Nie znaleziono quizów pasujących do podanych kryteriów
Rozkład punktacji
Procent ludzi z każdym wynikiem
Percentyl według liczby udzielonych odpowiedzi
Twoja historia wyników
Nie rozwiązałeś tego quizu